| 000 | 00511nam a2200145Ia 4500 | ||
|---|---|---|---|
| 008 | 210716s2003 xx 000 0 und d | ||
| 041 | _aeng | ||
| 082 | _a332.6 GANV | ||
| 100 | _aGangadhar, V;Babu, G Ramesh. | ||
| 245 |
_aInvestment management: including portfolio management and security analysis. _bIncluding portfolio management and security analysis. |
||
| 250 | _a1 | ||
| 260 |
_aNew Delhi _bAnmol Publications Pvt Ltd _c2003 |
||
| 300 | _avii,464 | ||
| 650 | _aInvestment Analysis & Portfolio Management | ||
| 999 |
_c199156 _d199156 |
||